Statistics for NBA 2000s All-Stars by Team

Click here to take the quiz!

General Stats

  • This quiz has been taken 502 times
  • The average score is 22 of 28

Answer Stats

TeamPlayers% Correct
76ersAllen Iverson | Theo Ratliff | Dikembe Mutombo
98%
CavaliersZydrunas Ilgauskas | LeBron James | Mo Willams
98%
CelticsAntoine Walker | Paul Pierce | Kevin Garnett | Ray Allen
96%
HeatAlonzo Mourning | Anthony Mason | Shaquille O'Neal | Dwyane Wade
93%
LakersKobe Bryant | Shaquille O'Neal | Pau Gasol
90%
MavericksMichael Finley | Steve Nash | Dirk Nowitzki | Josh Howard
90%
SpursTim Duncan | David Robinson | Manu Ginobili | Tony Parker
89%
SunsJason Kidd | Stephon Marbury | Shawn Marion | Steve Nash | Amar'e Stoudemire | Shaquille O'Neal
87%
GrizzliesPau Gasol
87%
MagicTracy McGrady | Grant Hill | Dwight Howard | Jameer Nelson | Rashard Lewis
86%
TimberwolvesKevin Garnett | Wally Szczerbiak | Sam Cassell
85%
BucksRay Allen | Glenn Robinson | Michael Redd
85%
PacersReggie Miller | Dale Davis | Jermaine O'Neal | Brad Miller | Ron Artest | Danny Granger
85%
RaptorsVince Carter | Antonio Davis | Chris Bosh
85%
PistonsGrant Hill | Jerry Stackhouse | Ben Wallace | Chauncey Billups | Richard Hamilton | Rasheed Wallace | Allen Iverson
84%
NetsStephon Marbury | Jason Kidd | Kenyon Martin | Vince Carter | Devin Harris
84%
NuggetsAntonio McDyess | Carmelo Anthony | Allen Iverson | Chauncey Billups
83%
SuperSonics / ThunderGary Payton | Ray Allen | Rashard Lewis
83%
PelicansJamal Mashburn | Baron Davis | Jamaal Magloire | Chris Paul | David West
82%
RocketsSteve Francis | Yao Ming | Tracy McGrady
81%
JazzJohn Stockton | Karl Malone | Andrei Kirilenko | Carlos Boozer | Mehmet Okur
80%
KingsChris Webber | Vlade Divac | Peja Stojakovic | Brad Miller
78%
WizardsMichael Jordan | Gilbert Arenas | Antawn Jamison | Caron Butler
74%
Trail BlazersRasheed Wallace | Brandon Roy
66%
HawksDikembe Mutombo | Shareef Abdur-Rahim | Joe Johnson
64%
ClippersElton Brand
50%
KnicksAllan Houston | Latrell Sprewell
45%
HornetsEddie Jones | Baron Davis
36%

Score Distribution

Percentile by Number Answered

Percent of People with Each Score

Your Score History

You have not taken this quiz